Reichste Länder - Afrika - Statistiken

Allgemein
  • Dieses Quiz wurde 62 mal gespielt
  • Das Durchschnittsergebnis liegt bei 13 aus 15
Antwortstatistiken
Hint Antwort % Korrekt
2.132 Mrd. Ägypten
98%
960 Mrd. Südafrika
98%
1.414 Mrd. Nigeria
96%
170 Mrd. Tunesien
93%
777 Mrd. Algerien
91%
177 Mrd. D.R. Kongo
91%
377 Mrd. Marokko
91%
349 Mrd. Kenia
87%
400 Mrd. Äthiopien
84%
250 Mrd. Tansania
78%
224 Mrd. Elfenbeinküste
76%
255 Mrd. Ghana
76%
153 Mrd. Kamerun
73%
358 Mrd. Angola
71%
157 Mrd. Uganda
56%
Keine übereinstimmenden Quizze gefunden
Verteilung der Resultate
Anzahl Personen mit jedem Resultat
Perzentil nach korrekt beantworteten Fragen
Ihre Resultats-Entwicklung
Sie haben dieses Quiz noch nicht gespielt